| 000 | 00368nam a2200145 a 4500 | ||
|---|---|---|---|
| 001 | 000010867 | ||
| 005 | 20200929162317.0 | ||
| 008 | 091012s1989 dr 000 0 spa d | ||
| 040 |
_aDO-SdBNP _bspa _cBNPHU |
||
| 082 |
_axxx _bN964c |
||
| 245 | 0 | 0 | _aNuestro camino. |
| 260 |
_aSanto Domingo : _bBloque Socialista, _c1989. |
||
| 300 |
_a109 p. ; _c21 cm. |
||
| 049 | _aBNPD | ||
| 999 |
_c10616 _d10616 |
||